Responses for Show #8070 - Friday, October 11, 2019

Contestants

[<< previous game]

Lindsey Berns, an international school administrator from Vancouver, British Columbia, Canada

Susan White, a bookseller from Norwich, Vermont

Geoff Duncan, a freelance programmer and musician from Seattle, Washington (whose 1-day cash winnings total $33,399)

[next game >>]

Jeopardy! Round responses

KURT VONNEGUT
BREAKFAST OF CHAMPIONS
PLAYER'S PIANO
WELCOME TO THE MONKEY HOUSE
THE SIRENS OF TITIAN
"HO"CUS "PO"CUS
(Alex: Each response will contain "HO" followed by "PO", but not necessarily side by side.)
    $200 10
Wheaties

Lindsey
    $200 25
Ray Charles

Geoff
    $200 16
(Alex: [Before clue selection] Jeopardy! Lindsey has command of the board. Go Ahead.)

a decoy

Lindsey
    $200 2
the Renaissance

Lindsey
    $200 1
hot potato

Lindsey
    $400 7
(Geoff: What is gin?)
(What is a Manhattan?)

a martini

GeoffSusanLindsey
    $400 11
waffles

Lindsey
    $400 24
(Alex: Less than a minute to go now.)

"Imagine"

Geoff
    $400 17
the rhesus

Lindsey
    $400 3
Venus

Lindsey
    $400 19
horsepower

Lindsey
    $600 8
Slaughterhouse-Five

Lindsey
    $600 28
huevos rancheros

Lindsey
    $600 14
Coldplay

Lindsey
    $600 21
a proboscis monkey

Lindsey
    $600 4
bacchanal

Susan
    $600 15
(Geoff: What is a hoedown?)

the hokey pokey

GeoffLindsey
    $2,800 9
(Lindsey: [Waves hand flamboyantly] All of it, please.)
(Alex: Oh, you have a new symbol... Uh, Jeopardy! James used to be "All in" this way. [Pushes hands forward])
(Lindsey: Jeopardy! Lindsey.)
[Laughter]

(Kilgore) Trout

Lindsey
    $800 27
Hollandaise

Lindsey
    $800 12
"As Time Goes By"

Geoff
    $800 22
a howler monkey

Susan
    $800 5
Ovid

Susan
    $800 18
home port

Susan
    $1000 29
(Geoff: What is IBM?)
...
[The end-of-round signal sounds.]

GE

Geoff
Triple Stumper
    $1000 26
(Alex: [*]. Bialystok.)

bialy

Lindsey
    $1000 13
(Geoff: Who is Liberace?)
(Lindsey: Who is...)
(Alex: You were gonna say Liberace.)
(Lindsey: I was.)

Elton John

GeoffLindsey
Triple Stumper
    $1000 23
(Geoff: What is a [*]?)
[Geoff's response was ruled incorrect and the decision was reversed after the break.]

an opposable thumb (a prehensile thumb)

GeoffSusan
    $1000 6
Florence

Lindsey
    $1000 20
the Hoosier poet

Triple Stumper

Scores at the first commercial break (after clue 15):

Geoff Susan Lindsey
-$1,200 $1,000 $6,400

Scores at the end of the Jeopardy! Round:

Geoff Susan Lindsey
-$600 $3,600 $10,400

Double Jeopardy! Round responses

SOUTHERN POLITICIAN/AUTHOR
MED. ABBREV.
MONGOL RULERS
IT TAKES A VILLAIN
NATIONAL PARKS
ONE-WORD RHYMES
    $400 21
Birmingham

Lindsey
    $400 11
conciousness

Geoff
    $400 1
Genghis Khan

Geoff
    $400 6
Darth Vader

Geoff
    $400 16
(Geoff: What is a fare?)

airfare

GeoffLindsey
    $800 22
Marco Rubio

Susan
    $800 12
cystic fibrosis

Susan
    $800 2
Baghdad

Lindsey
    $800 7
Thanos

Geoff
    $800 17
payday

Lindsey
    $2,000 23
Jimmy Carter

Susan
    $1200 15
an upper respiratory infection

Susan
    $1200 3
wisdom

Geoff
    $1200 8
Michael Myers

Geoff
    $1200 27
Biscayne

Lindsey
    $1200 18
mojo

Susan
    $1600 24
(Geoff: What is South Carolina?)

North Carolina

GeoffLindsey
    $1600 14
oral polio vaccine

Geoff
    $1600 4
Kublai Khan

Lindsey
    $1600 9
HAL

Susan
    $3,000 25
(Alex: [Before the wager] We have less than a minute now, Lindsey.)
...
(Lindsey: [Exhales] What is Snake?)

the Rio Grande

Lindsey
    $1600 19
a cookbook

Susan
    $2000 28
[The end-of-round signal sounds.]

Stacey Abrams

Lindsey
    $2000 13
air pressure

Geoff
    $2000 5
Golden Horde

Triple Stumper
    $2000 10
Snidely Whiplash

Triple Stumper
    $2000 26
(Geoff: What is Zion?)

Bryce Canyon National Park

Geoff
Triple Stumper
    $2000 20
grandstand

Triple Stumper

Scores at the end of the Double Jeopardy! Round:

Geoff Susan Lindsey
$3,400 $12,800 $16,200

[wagering suggestions for these scores]

Final Jeopardy! Round responses

AMERICAN PLAYWRIGHTS
GeoffWho is Arthur Miller
$3,400
SusanWho is Tennessee Williams
$4,100
LindseyWho is Williams
$9,401
Edward Albee

Final scores:

Geoff Susan Lindsey
$0 $8,700 $6,799
3rd place: $1,000 New champion: $8,700 2nd place: $2,000

Game dynamics:

Coryat scores:

Geoff Susan Lindsey
$3,400 $12,000 $17,200
12 R,
7 W
12 R
(including 1 DD),
1 W
26 R
(including 1 DD),
2 W
(including 1 DD)

Combined Coryat: $32,600

[game clues] [game scores] [suggest correction]

Game tape date: 2019-08-13
The J! Archive is created by fans, for fans. Scraping, republication, monetization, and malicious use prohibited; this site may use cookies and collect identifying information. See terms. The Jeopardy! game show and all elements thereof, including but not limited to copyright and trademark thereto, are the property of Jeopardy Productions, Inc. and are protected under law. This website is not affiliated with, sponsored by, or operated by Jeopardy Productions, Inc. Join the discussion at JBoard.tv.